| 000 | 00902nas a2200277 4500 | ||
|---|---|---|---|
| 001 | BR9204766 | ||
| 003 | BR-BrBNA | ||
| 005 | 20231205092755.0 | ||
| 007 | ta | ||
| 008 | 230509b bl.|||p| |||| 00| 00por d | ||
| 040 |
_aBR-BrBNA _bpor _cBiblioteca Nacional de Agricultura |
||
| 041 | _a(Pt) | ||
| 072 | _aL73; L70 | ||
| 100 | 1 | _aMarques, D. da C. | |
| 100 | 1 | _aCouto, E.S. | |
| 100 | 1 | _aPessoa, J.M. | |
| 100 | 1 | _aFerreira, P.M. | |
| 100 | 1 | _aNascimento, E.F. do | |
| 245 | 1 | _aO emprego da metionina na hepatite toxica aguda provocada experimentalmente pelo tetracloreto de carbono, em caes | |
| 650 | _aCAO | ||
| 650 | _aHEPATITE | ||
| 650 | _aMEDICAMENTO | ||
| 773 | 0 |
_tArquivos da Escola de Veterinaria da Universidade Federal de Minas Gerais (Brazil) _xISSN 0365-8384 _g(Aug 1982), v. 34(2) p. 237-239 _wBR9204766 |
|
| 909 |
_a202311 _bLúcia _c55 _dLúcia Elande |
||
| 942 |
_2AGRIS _n0 _cANA |
||
| 999 |
_c134092 _d134092 |
||